000 01300nam a2200313 c 4500
999 _c119905
_d119905
003 BLK
005 20230411162706.0
008 180409b bul|||||r ||||||| ||bul||
010 _aKNG00125521000
040 _aBLK
041 _aBUL
_cBUL
080 _aЧилийска литература
_b821.134.2(83)
_x-31
_z821.134.2(83)-31
100 1 _aАлиенде, Исабел
_eпърви автор
_930822
139 _aАлиенде, Исабел
_bА 54
245 1 0 _aЗа любовта и сянката
_bРоман
_cИсабел Алиенде; прев. от исп. Нина Велева, Екатерина Делева; предг. от Ани Леви.
257 _aCHI
260 _aПловдив
_bХристо Г. Данов
_c1989
300 _a271 с.
_c20 см
380 _aX
500 _aОриг. загл. De amor y de sombra.
700 1 _aВелева, Нина
_eпрев. от исп.
_9371989
700 1 _aДелева, Екатерина
_eпрев. от исп.
_9316377
700 1 _aЛеви, Ани
_eпредг. от
_9376812
852 _aЦб 157973
856 4 _qpdf
_i0.00
_ldisable
856 4 _qpdf
_i0.00
_ldisable
942 _cKNG
_n0
_03
_s1
944 _aCR
_c31.08.2011
_l31.08.2011 - от С1,Р / 31.08.2011
_kДиана_Димитрова
944 _aED
_c31.08.2011
_l31.08.2011 - от С1,Р / 31.08.2011
999 _d119905
999 _d119905